000 00479nam a2200157 a 4500
001 000043829
005 20201002045007.0
008 140506s1964 sp a 000 0 spa d
040 _aDO-SdBNP
_bspa
_cBNPHU
100 1 _aRodríguez Mendez, José María
_969930
245 1 3 _aEl Circulo de Tiza de Cartagena. /
_cJosé María Rodríguez Mendez.
260 _aBarcelona, :
_bOccitania,
_c1964.
300 _a52 p. :
_bil. ;
_c21 cm.
490 1 _aOsona
_v5
830 0 _aOsona
_n5
_971685
999 _c43318
_d43318